LDR 00885naa#a2200193#i#450# 001 EN\\bibl\120766 005 20260701233719.3 011 ## _a2687-0185 100 ## _a20251202b2025####ek#y0engy0150####ca 102 ## _aRU 200 1# _aThe origins and genesis of the Economic Security and Anti-Corruption Units of the Ministry of Internal Affairs of Russia _eJournal article 210 1# _aMoscow _cMoscow University of the Ministry of Internal Affairs of Russia named after V.Ya. Kikot _d2025 215 ## _a5 с. 608 ## _aJournal article _2local 675 ## _aПраво. Юридические науки. 34 _aГосударственное право. Конституционное право. Административное право. 342 _z 700 #1 _aNechay _gSergey Leonidovich 700 #1 _aNuradinov _gShamil' Magomedovich 700 #1 _aBibiev _gAhmed Shayhievich 856 4# _amosumvd.editorum.ru _u